MARC

LEADER 00000nam0a2200000 4500
001 319354
005 20231102003154.0
035 |a (RuTPU)RU\TPU\book\344863 
090 |a 319354 
100 |a 20160528d1936 km y0rusy50 ca 
101 0 |a rus 
102 |a RU 
105 |a a z 001zb 
200 1 |a Бомарше и его театр  |f С. Мокульский 
210 |a Ленинград  |c [Б. и.]  |d 1936 
215 |a 87 с.  |c ил. 
320 |a Перечень иллюстраций: с. 84-87 
600 1 |a Бомарше  |b П. О.  |g Пьер Огюстен  |c французский драматург  |f 1732-1799  |2 stltpush  |3 (RuTPU)RU\TPU\pers\4503 
606 1 |a Театроведение  |2 stltpush  |3 (RuTPU)RU\TPU\subj\58744  |9 76496 
610 1 |a театр 
610 1 |a история 
610 1 |a Франция 
610 1 |a 18 век 
610 1 |a драматургия 
610 1 |a комедии 
610 1 |a театральные спектакли 
675 |a 792.072  |v 4 
700 1 |a Мокульский  |b С. 
801 1 |a RU  |b 63413507  |c 20160528 
801 2 |a RU  |b 63413507  |c 20200909  |g RCR 
942 |c BK